Statistics for USA Major Cities

Click here to take the quiz!

General Stats

  • This quiz has been taken 96 times
  • The average score is 22 of 26

Answer Stats

HintAnswer% Correct
NYNew York City
99%
CALos Angeles
97%
TXDallas
95%
FLMiami
95%
CASan Francisco
93%
WASeattle
93%
TXHouston
92%
NVLas Vegas
92%
PAPhiladelphia
89%
CODenver
88%
AZPhoenix
86%
UTSalt Lake City
86%
GAAtlanta
84%
MABoston
84%
LANew Orleans
84%
ORPortland
84%
MIDetroit
83%
NoneWashington DC
83%
MNMinneapolis/St Paul
82%
TNNashville
78%
OHCleveland
76%
PAPittsburgh
75%
MOKansas City
71%
MOSt Louis
70%
OHCincinnati
67%
INChicago
51%

Score Distribution

Percentile by Number Answered

Percent of People with Each Score

Your Score History

You have not taken this quiz